00614nam a22001457a 4500003000400000005001700004008004100021040001400062100005600076245016400132260000900296300003000305500010500335504002800440OSt20171010095530.0121005t xxu||||| |||| 00| 0 eng d aMMSUcULS aDuldulao, Leo B., Estal, Joel F., Ganal, Benito T.  aEvaluation of the engineering properties of Madongan river aggregates as portland cement concrete pavement c Leo B. Duldulao, Joel F. Estal, Benito T. Ganal  c2008 aix, [69] leaves c28 cm.  aThesis (BS Civil Engineering) -- Mariano Marcos State University-College of Engineering, Batac City  aBibliography: leaf [32]